Acu Study Guide (Record no. 18535)

MARC details
000 -LEADER
fixed length control field 00386nam a22001697a 4500
005 - DATE AND TIME OF LATEST TRANSACTION
control field 20230526144836.0
008 - FIXED-LENGTH DATA ELEMENTS--GENERAL INFORMATION
fixed length control field 230526b |||||||| |||| 00| 0 eng d
020 ## - INTERNATIONAL STANDARD BOOK NUMBER
ISBN 9781486004027
082 ## - DEWEY DECIMAL CLASSIFICATION NUMBER
Classification number 371.302
Item number REF-A
100 ## - MAIN ENTRY--AUTHOR
Author Name Reference Guide
245 ## - TITLE STATEMENT
Title Acu Study Guide
250 ## - EDITION STATEMENT
Edition statement 3rd
260 ## - PUBLICATION, DISTRIBUTION, ETC.
Place of Publication Malaysia
Name of publisher, distributor, etc. ACU
Date of publication, distribution, etc. 2012
300 ## - PHYSICAL DESCRIPTION
Pages 172
650 ## - SUBJECT ADDED ENTRY--TOPICAL TERM
Subject / Department Study Skills
952 ## - LOCATION AND ITEM INFORMATION (KOHA)
-- 0
-- 0
Holdings
Lost status Damaged status Permanent Location Current Location Shelving Location Date acquired Full Call Number Accession No./Barcode Date last seen item type
    Superior Information Resource Center (SIRC) Superior University- Gold Campus Superior Information Resource Center (SIRC) Superior University- Gold Campus computer science 05/26/2023 371.302 REF-A 2012 19226 05/26/2023 BOOK

Powered by Koha